| 000 | 00777cam a2200253 4500 | ||
|---|---|---|---|
| 001 | 6083 | ||
| 010 | _a9726495172 | ||
| 021 | _b142935/99 | ||
| 090 | _a6083 | ||
| 100 | _a20211231d2000 c||y0pory5003 ba | ||
| 200 | 1 |
_aCapuchinho vermelho _frecont. Sam McBartney _gtrad. Inês ramalhete _gilust. Emma Chichester Clark |
|
| 210 | 9 |
_aPorto _cAmbar, _d2000 |
|
| 215 |
_a29, [3] p. _cil. _d28 cm |
||
| 225 | 2 | _aClássicos dos contos de fadas | |
| 606 |
_914 _aLiteratura infantil |
||
| 606 |
_913 _aLiteratura Estrangeira |
||
| 675 |
_a82-93 _vBN _zpor |
||
| 675 |
_a821.1/.8 _vBN _zpor |
||
| 700 |
_aMcBratney _bSam _f1943-2020 _95249 |
||
| 702 |
_aClark _bEmma Chichester _95792 |
||
| 702 |
_aRamalhete _bInês _94470 |
||
| 801 | 0 |
_aPT _bBMVN _gRPC |
|
| 830 |
_cAna Caetano _d31/12/2021 |
||
| 990 | _cLIVROS | ||